| 000 | 00368nam a2200109 4500 | ||
|---|---|---|---|
| 008 | 010211u2001 mu eng | ||
| 022 | _a02180812 | ||
| 100 | 0 | _aAsia Journal ofTheology | |
| 245 | 1 | 0 | _aAsia Journal of Theology |
| 260 | _aP.O. Box 4635, 63, Millers Road, Bangalore 560046, India, 2001%, 2001%, 2001 | ||
| 951 |
_pSRS000000000017 _j070613110953406 _d2000-12-21 |
||
| 999 |
_c3537 _d3537 |
||